100 prénoms féminins les plus populaires au Québec - 2024 - Statistiques

Statistiques générales
  • Ce quiz a été pris 31 fois
  • Le résultat moyen est 39 sur 100
Statistiques - réponses
Réponse % Correct
Emma
84%
Léa
84%
Anna
79%
Chloé
79%
Jade
74%
Jeanne
74%
Sara
74%
Alice
68%
Camille
68%
Charlotte
68%
Juliette
68%
Rose
68%
Zoé
68%
Alicia
63%
Béatrice
63%
Sophia
63%
Sophie
63%
Clara
58%
Éloise
58%
Eva
58%
Laura
58%
Lou
58%
Mia
58%
Olivia
58%
Charlie
53%
Elena
53%
Florence
53%
Julia
53%
Lily
53%
Maéva
53%
Mathilde
53%
Romy
53%
Adèle
47%
Aurélie
47%
Léonie
47%
Lina
47%
Romane
47%
Amélia
42%
Gabrielle
42%
Laurence
42%
Lena
42%
Livia
42%
Lucie
42%
Maélie
42%
Mila
42%
Ophélie
42%
Rosalie
42%
Sofia
42%
Victoria
42%
Clémence
37%
Elizabeth
37%
Élodie
37%
Flavie
37%
Raphaëlle
37%
Agathe
32%
Liana
32%
Margot
32%
Marguerite
32%
Sarah
32%
Simone
32%
Aria
26%
Billie
26%
Claire
26%
Delphine
26%
Éléonore
26%
Ellie
26%
Flora
26%
Jasmine
26%
Luna
26%
Pénélope
26%
Yasmine
26%
Aya
21%
Elisabeth
21%
Ella
21%
Estelle
21%
Evelyne
21%
Layla
21%
Mélodie
21%
Nora
21%
Océane
21%
Ophélia
21%
Stella
21%
Abigaëlle
16%
Dahlia
16%
Eliana
16%
Lyana
16%
Lyvia
16%
Madeleine
16%
Madison
16%
Maya
16%
Abby
11%
Adaline
11%
Céleste
11%
Émilia
11%
Lara
11%
Lexie
11%
Lily-Rose
11%
Noélie
11%
Ayla
5%
Ivy
5%
Aucun quiz correspondant
Distribution des résultats
% des personnes avec chaque résultat
Percentile par nombre de réponses
Votre historique - résultats
Vous n’avez pas pris ce quiz